| 000 | 00561nam a2200181Ia 4500 | ||
|---|---|---|---|
| 003 | OSt | ||
| 005 | 20260331084806.0 | ||
| 008 | 211028s2010 xx 000 0 und d | ||
| 040 | _cAIMIT LIBRARY | ||
| 041 | _aeng | ||
| 082 | _a658.3 JACS | ||
| 100 |
_aJacob, Shibu;James, Justine P. _g816047 _96511 |
||
| 245 | _aA study on the optimization of production process at rego and sons tile factory Mangalore / | ||
| 260 |
_bJames, Justine P _c2010 |
||
| 600 |
_aHuman Resource Management _96512 |
||
| 650 |
_aHuman Resource Management _96513 |
||
| 942 |
_2ddc _cPRO |
||
| 999 |
_c218262 _d218262 |
||